[Event "47th POL-ch"]
[Site "Warsaw POL"]
[Date "1990.03.??"]
[Round "5"]
[White "Dejkalo, Stefan"]
[Black "Pedzich, Dominik"]
[Result "0-1"]
[WhiteElo "2410"]
[BlackElo "2405"]
[PlyCount "86"]
[EventDate "1990.03.11"]

1. c4 Nf6 2. Nc3 g6 3. e4 d6 4. d4 Bg7 5. f3 O-O 6. Be3 Nc6 7. Nge2 Re8 8. Qd2
a6 9. h4 b5 10. h5 e5 11. hxg6 fxg6 12. d5 Na5 13. b3 Nh5 14. g4 Nf4 15. Nxf4
exf4 16. Bd4 Qg5 17. Bxg7 Kxg7 18. cxb5 axb5 19. Rc1 Bxg4 20. fxg4 c6 21. b4
Nb7 22. dxc6 Nd8 23. c7 Nf7 24. Bxb5 Re7 25. Nd5 Rxe4+ 26. Kf1 Qxg4 27. Qc3+
Ne5 28. Qh3 Qxh3+ 29. Rxh3 Rd4 30. Nb6 Rf8 31. c8=Q Rxc8 32. Nxc8 Ng4 33. Bc6
Rd2 34. a4 d5 35. a5 f3 36. a6 Rf2+ 37. Ke1 Re2+ 38. Kf1 Rf2+ 39. Kg1 Rg2+ 40.
Kf1 Rf2+ 41. Ke1 Re2+ 42. Kf1 Ne3+ 43. Kg1 f2+ 0-1

[Event "47th POL-ch"]
[Site "Warsaw POL"]
[Date "1990.03.??"]
[Round "5"]
[White "Gdanski, Jacek"]
[Black "Zolnierowicz, Krzysztof"]
[Result "0-1"]
[WhiteElo "2430"]
[BlackElo "2400"]
[PlyCount "84"]
[EventDate "1990.03.11"]

1. e4 d5 2. exd5 Nf6 3. d4 Nxd5 4. Nf3 g6 5. Be2 Bg7 6. O-O O-O 7. c4 Nb6 8.
Nc3 Be6 9. d5 Bg4 10. Qb3 c5 11. Bg5 h6 12. Be3 N8d7 13. Rad1 Nc8 14. Rfe1 Nd6
15. Nd2 Bxe2 16. Rxe2 b6 17. h3 a6 18. a4 Nf5 19. Nf3 Qc7 20. Qc2 Ne5 21. Nxe5
Bxe5 22. Qe4 Rfe8 23. h4 h5 24. g3 Rad8 25. Kg2 Kh7 26. Qf3 Kg7 27. Ne4 e6 28.
Red2 exd5 29. Rxd5 Rxd5 30. Rxd5 Nxe3+ 31. fxe3 Bxb2 32. a5 bxa5 33. Nxc5 Qc6
34. e4 a4 35. Nd3 Bc3 36. c5 a3 37. Nf2 Bb2 38. Qb3 Qe6 39. Nd3 Qxe4+ 40. Kh3
Qe6+ 41. Kg2 Qe2+ 42. Kg1 Qe3+ 0-1

[Event "47th POL-ch"]
[Site "Warsaw POL"]
[Date "1990.03.??"]
[Round "5"]
[White "Jasnikowski, Zbigniew"]
[Black "Stempin, Pawel"]
[Result "1/2-1/2"]
[WhiteElo "2445"]
[BlackElo "2445"]
[PlyCount "37"]
[EventDate "1990.03.11"]

1. d4 d5 2. c4 dxc4 3. Nf3 Nf6 4. e3 e6 5. Bxc4 c5 6. O-O a6 7. Qe2 b5 8. Bb3
Bb7 9. Rd1 Nbd7 10. Nc3 Qb6 11. d5 exd5 12. Nxd5 Nxd5 13. Bxd5 Bxd5 14. Rxd5
Be7 15. e4 Qb7 16. Bg5 Nb6 17. Rad1 f6 18. Bf4 O-O 19. R5d2 1/2-1/2

[Event "47th POL-ch"]
[Site "Warsaw POL"]
[Date "1990.03.??"]
[Round "5"]
[White "Kuczynski, Robert"]
[Black "Strzelecki, Krzysztof"]
[Result "1/2-1/2"]
[WhiteElo "2460"]
[BlackElo "2415"]
[PlyCount "121"]
[EventDate "1990.03.11"]

1. e4 c5 2. Nf3 d6 3. d4 Nf6 4. Nc3 cxd4 5. Nxd4 a6 6. Be2 e6 7. f4 Be7 8. O-O
O-O 9. Kh1 Nc6 10. a4 Bd7 11. Nb3 Na5 12. e5 Ne8 13. Nxa5 Qxa5 14. Bd3 Bc6 15.
Qe2 g6 16. Bd2 Qc7 17. a5 Rc8 18. Be3 dxe5 19. Bb6 Qd6 20. fxe5 Qb4 21. Nd1 Ng7
22. c3 Qh4 23. Ne3 Nh5 24. Qg4 Qg5 25. Qxg5 Bxg5 26. Rae1 Nf4 27. Bc2 h5 28.
Kg1 Bh6 29. Rf2 g5 30. Nf1 Bg7 31. Bd4 f5 32. h4 Rfd8 33. Bb1 Ng6 34. hxg5 Kf7
35. Ng3 h4 36. Nh5 Rh8 37. Nf6 h3 38. g3 h2+ 39. Rxh2 Rxh2 40. Kxh2 Rh8+ 41.
Kg1 Rh1+ 42. Kf2 Rh2+ 43. Kf1 Rxb2 44. Bd3 Ra2 45. Nh5 Rxa5 46. Bxf5 Bxe5 47.
Bxg6+ Kxg6 48. Bxe5 Kxh5 49. Bf4 Bd5 50. Ke2 Ra4 51. Rd1 a5 52. Rd4 Ra2+ 53.
Bd2 b5 54. c4 Bxc4+ 55. Ke1 Rxd2 56. Kxd2 Kxg5 57. Kc3 Bd5 58. Rh4 e5 59. Rh8
Kg4 60. Rd8 b4+ 61. Kd2 1/2-1/2

[Event "47th POL-ch"]
[Site "Warsaw POL"]
[Date "1990.03.??"]
[Round "5"]
[White "Przewoznik, Jan"]
[Black "Cichocki, Adam"]
[Result "1-0"]
[WhiteElo "2415"]
[BlackElo "2335"]
[PlyCount "191"]
[EventDate "1990.03.11"]

1. e4 e6 2. d4 d5 3. Nc3 Nf6 4. Bg5 Bb4 5. e5 h6 6. Bd2 Bxc3 7. bxc3 Ne4 8. Qg4
g6 9. Bd3 Nxd2 10. Kxd2 c5 11. Nf3 Nc6 12. Qf4 cxd4 13. Nxd4 Bd7 14. Nb5 Kf8
15. h4 Kg7 16. Nd6 f5 17. exf6+ Qxf6 18. Qxf6+ Kxf6 19. Nxb7 e5 20. Nc5 Bf5 21.
Rab1 Rac8 22. Rhe1 Rc7 23. Na6 Re7 24. Rb5 Rd8 25. Rc5 Rd6 26. Bb5 Na5 27. Kc1
Nb7 28. Rc6 Bd7 29. Rxd6+ Nxd6 30. Nb4 Bxb5 31. Nxd5+ Kf7 32. Nxe7 Kxe7 33.
Rxe5+ Kf6 34. Rc5 a6 35. Kb2 Ke6 36. Kb3 Ne4 37. Rc8 Nxf2 38. c4 Bd7 39. Rg8 g5
40. Rg6+ Ke5 41. hxg5 hxg5 42. Rxg5+ Kd6 43. Kb4 Kc7 44. Ka5 Bc8 45. Rc5+ Kb7
46. Re5 Ng4 47. Rg5 Ne3 48. Kb4 Nxc2+ 49. Kc5 Ne3 50. Rg7+ Kb8 51. g3 Nf5 52.
Rg8 Ne3 53. Re8 Ng4 54. Kd6 Nf6 55. Re3 Bb7 56. Rb3 Kc8 57. Ke5 Nd7+ 58. Kf4
Kc7 59. g4 Nb6 60. g5 Bc8 61. c5 Nd7 62. Rc3 Bb7 63. g6 Bd5 64. a3 Kc6 65. g7
Bg8 66. Ke4 Nf6+ 67. Kd4 Nh5 68. Ke5 a5 69. Rh3 Nxg7 70. Rg3 Kxc5 71. Rxg7 Bb3
72. Rb7 Ba2 73. Rb2 Bc4 74. Rc2 Kb5 75. Kd4 Bb3 76. Rc5+ Ka4 77. Kc3 Ba2 78.
Kb2 Bb3 79. Rf5 Be6 80. Rh5 Bf7 81. Rh4+ Kb5 82. Kc3 Be8 83. Rf4 Bd7 84. Rc4
Be8 85. Re4 Bc6 86. Rf4 Bd7 87. Rd4 Be8 88. Rd8 Bf7 89. Rf8 Be6 90. Rf6 Ba2 91.
Rf4 Bg8 92. a4+ Kb6 93. Rf6+ Kb7 94. Rg6 Ba2 95. Rg2 Be6 96. Rg5 1-0

[Event "47th POL-ch"]
[Site "Warsaw POL"]
[Date "1990.03.??"]
[Round "5"]
[White "Schmidt, Wlodzimierz"]
[Black "Bany, Jerzy"]
[Result "1-0"]
[WhiteElo "2465"]
[BlackElo "2450"]
[PlyCount "61"]
[EventDate "1990.03.11"]

1. Nf3 f5 2. g3 Nf6 3. Bg2 g6 4. b3 d6 5. d4 Bg7 6. Bb2 O-O 7. O-O e5 8. dxe5
Ng4 9. Nbd2 Nc6 10. Nc4 d5 11. Na3 Kh8 12. c4 Ncxe5 13. Nxe5 Nxe5 14. Qc2 Be6
15. cxd5 Bxd5 16. Rad1 c6 17. Bxe5 Bxe5 18. Nc4 Bg7 19. Ne3 Rc8 20. Qb1 Qe7 21.
Nxd5 cxd5 22. e3 d4 23. exd4 f4 24. Qd3 Rfd8 25. Rfe1 Qa3 26. d5 Rc3 27. Qb5 a6
28. Qb6 Qf8 29. d6 f3 30. d7 Bf6 31. Re8 1-0

[Event "47th POL-ch"]
[Site "Warsaw POL"]
[Date "1990.03.??"]
[Round "5"]
[White "Woda, Jacek"]
[Black "Pyda, Zbigniew"]
[Result "0-1"]
[WhiteElo "2390"]
[BlackElo "2315"]
[PlyCount "72"]
[EventDate "1990.03.11"]

1. d4 d5 2. c4 Bf5 3. cxd5 Bxb1 4. Rxb1 Qxd5 5. a3 Nc6 6. e3 e5 7. Ne2 exd4 8.
exd4 Nf6 9. Be3 O-O-O 10. Nc3 Qd6 11. Bc4 Nxd4 12. O-O Qc6 13. Bxf7 Bc5 14.
Bxd4 Rxd4 15. Qe2 Rhd8 16. b4 Bb6 17. Qe6+ Qxe6 18. Bxe6+ Kb8 19. Na4 Ne4 20.
Rfe1 h6 21. h3 c6 22. Nxb6 axb6 23. Rb3 Rd1 24. Rbe3 Rxe1+ 25. Rxe1 Nc3 26. Re3
Re8 27. Rxc3 Rxe6 28. Rd3 Kc7 29. Kf1 c5 30. Rf3 Re7 31. Rf4 Kc6 32. Rf5 Kb5
33. a4+ Kxb4 34. f4 Kxa4 35. g4 c4 36. Re5 Rxe5 0-1

[Event "47th POL-ch"]
[Site "Warsaw POL"]
[Date "1990.03.??"]
[Round "6"]
[White "Pyda, Zbigniew"]
[Black "Przewoznik, Jan"]
[Result "1/2-1/2"]
[WhiteElo "2315"]
[BlackElo "2415"]
[PlyCount "59"]
[EventDate "1990.03.11"]

1. e4 e6 2. d4 d5 3. Nd2 Nf6 4. e5 Ne4 5. Bd3 Nxd2 6. Bxd2 c5 7. c3 Qb6 8. Qb3
c4 9. Qxb6 axb6 10. Bc2 b5 11. a3 b4 12. cxb4 Nc6 13. Ne2 Nxb4 14. Bxb4 Bxb4+
15. Nc3 Bd7 16. Ke2 Ba5 17. f4 Ke7 18. g4 h5 19. g5 Bxc3 20. bxc3 Ra6 21. a4 g6
22. Rhb1 Bc6 23. Rb4 Rha8 24. Rab1 R8a7 25. Kd2 Kd7 26. Kc1 Kc7 27. Ra1 h4 28.
h3 b5 29. Kb2 bxa4 30. Ka3 1/2-1/2

[Event "47th POL-ch"]
[Site "Warsaw POL"]
[Date "1990.03.??"]
[Round "6"]
[White "Bany, Jerzy"]
[Black "Gdanski, Jacek"]
[Result "1-0"]
[WhiteElo "2450"]
[BlackElo "2430"]
[PlyCount "79"]
[EventDate "1990.03.11"]

1. Nf3 c5 2. b3 Nf6 3. Bb2 e6 4. e3 Be7 5. d4 O-O 6. Bd3 b6 7. O-O Bb7 8. c4
cxd4 9. Nxd4 d6 10. Nd2 Nbd7 11. Rc1 a6 12. Qe2 Re8 13. Rfd1 Bf8 14. Bb1 Rc8
15. Nf1 Qc7 16. Ng3 Qb8 17. Nf3 Qa8 18. Rd2 Bc6 19. e4 b5 20. Nd4 bxc4 21. Nxc6
Rxc6 22. Rxc4 Rxc4 23. Qxc4 Rc8 24. Qe2 a5 25. Rc2 Rxc2 26. Qxc2 g6 27. Qc4 h5
28. h3 Bg7 29. Qb5 Qa7 30. Bc3 h4 31. Ne2 d5 32. exd5 Nxd5 33. Qxa5 Qb8 34.
Bxg7 Kxg7 35. Qd2 Qe5 36. Bd3 Nc5 37. Bc4 Qa1+ 38. Qc1 Qxa2 39. b4 Nb3 40. Qd1
1-0

[Event "47th POL-ch"]
[Site "Warsaw POL"]
[Date "1990.03.??"]
[Round "6"]
[White "Cichocki, Adam"]
[Black "Dejkalo, Stefan"]
[Result "1/2-1/2"]
[WhiteElo "2335"]
[BlackElo "2410"]
[PlyCount "95"]
[EventDate "1990.03.11"]

1. d4 Nf6 2. Nf3 e6 3. c4 c5 4. g3 cxd4 5. Nxd4 Bb4+ 6. Nc3 O-O 7. Bg2 d5 8.
O-O dxc4 9. Qa4 Qe7 10. Nc2 Bc5 11. Qxc4 Nbd7 12. Be3 Bxe3 13. Nxe3 Ne5 14. Qb5
Nfd7 15. Rfd1 Rb8 16. Qa5 Nc6 17. Qc7 Nb6 18. Qxe7 Nxe7 19. a4 a5 20. Rd6 Nc6
21. Rad1 h6 22. Bxc6 bxc6 23. Rxc6 Bd7 24. Rxb6 Rxb6 25. Rxd7 Rxb2 26. Ra7 Rc8
27. Ned1 Rc2 28. Rxa5 R2xc3 29. Nxc3 Rxc3 30. Re5 g5 31. f3 Kg7 32. Kf2 Ra3 33.
Re4 f5 34. Rb4 h5 35. h3 Kf6 36. g4 hxg4 37. hxg4 Kg6 38. gxf5+ exf5 39. Rb6+
Kh5 40. Ra6 g4 41. Kg3 Kg5 42. Ra5 Rc3 43. Rd5 Ra3 44. Rd4 gxf3 45. exf3 Rb3
46. Kg2 f4 47. Rd1 Ra3 48. Rd4 1/2-1/2

[Event "47th POL-ch"]
[Site "Warsaw POL"]
[Date "1990.03.??"]
[Round "6"]
[White "Kuczynski, Robert"]
[Black "Jasnikowski, Zbigniew"]
[Result "0-1"]
[WhiteElo "2460"]
[BlackElo "2445"]
[PlyCount "86"]
[EventDate "1990.03.11"]

1. e4 c5 2. Nf3 e6 3. d4 cxd4 4. Nxd4 Nf6 5. Nc3 d6 6. Be2 Nc6 7. O-O Be7 8.
Be3 O-O 9. f4 Bd7 10. Nb3 a6 11. a4 b6 12. Bf3 Qc7 13. Qe2 Bc8 14. e5 dxe5 15.
fxe5 Nd7 16. Bf4 Bb7 17. Be4 Nc5 18. Nxc5 bxc5 19. Rae1 Rfd8 20. Qg4 Bf8 21.
Rf3 g6 22. Rh3 Bg7 23. Qh4 h5 24. Qg3 Rd4 25. Bf3 Ne7 26. Ne4 Nf5 27. Qf2 Rb8
28. b3 c4 29. c3 Rxe4 30. Bxe4 Bxe4 31. Rxe4 cxb3 32. Qb2 Bf8 33. Re1 Qc4 34.
Bc1 Qxa4 35. Rf3 Qc6 36. Rf4 a5 37. Qa1 Bh6 38. Rxf5 Bxc1 39. Rf6 b2 40. Qb1
Kg7 41. Ref1 Rb7 42. Rxc1 bxc1=Q+ 43. Qxc1 Qc5+ 0-1

[Event "47th POL-ch"]
[Site "Warsaw POL"]
[Date "1990.03.??"]
[Round "6"]
[White "Pedzich, Dominik"]
[Black "Schmidt, Wlodzimierz"]
[Result "1/2-1/2"]
[WhiteElo "2405"]
[BlackElo "2465"]
[PlyCount "29"]
[EventDate "1990.03.11"]

1. e4 e6 2. d4 d5 3. Nc3 Nf6 4. e5 Nfd7 5. f4 c5 6. Nf3 Nc6 7. Be3 cxd4 8. Nxd4
Qb6 9. Be2 Bc5 10. Na4 Qa5+ 11. c3 Bxd4 12. Bxd4 Nxd4 13. Qxd4 O-O 14. O-O b6
15. Rf3 1/2-1/2

[Event "47th POL-ch"]
[Site "Warsaw POL"]
[Date "1990.03.??"]
[Round "6"]
[White "Stempin, Pawel"]
[Black "Nowak, Ignacy"]
[Result "1/2-1/2"]
[WhiteElo "2445"]
[BlackElo "2405"]
[PlyCount "47"]
[EventDate "1990.03.11"]

1. d4 Nf6 2. Nf3 g6 3. c4 Bg7 4. g3 O-O 5. Bg2 d5 6. cxd5 Nxd5 7. O-O Nb6 8.
Nc3 Nc6 9. e3 Re8 10. d5 Na5 11. Nd4 Bd7 12. e4 c6 13. b3 cxd5 14. exd5 e6 15.
dxe6 Bxe6 16. Be3 Bd5 17. Rc1 Bxg2 18. Kxg2 Nd5 19. Nxd5 Qxd5+ 20. Nf3 Qb5 21.
Rc5 Qa6 22. Rd5 Nc6 23. Qd2 Rad8 24. Bg5 1/2-1/2

[Event "47th POL-ch"]
[Site "Warsaw POL"]
[Date "1990.03.??"]
[Round "6"]
[White "Strzelecki, Krzysztof"]
[Black "Zolnierowicz, Krzysztof"]
[Result "1-0"]
[WhiteElo "2415"]
[BlackElo "2400"]
[PlyCount "79"]
[EventDate "1990.03.11"]

1. e4 e5 2. Nf3 Nc6 3. Bb5 Nge7 4. O-O g6 5. c3 Bg7 6. d3 O-O 7. Nbd2 d6 8. Re1
h6 9. Nf1 f5 10. h3 f4 11. d4 g5 12. d5 Nb8 13. N3h2 Nd7 14. Be2 Nf6 15. Bf3
Ng6 16. Ng4 Nh4 17. Nxf6+ Qxf6 18. Bg4 Bxg4 19. hxg4 f3 20. Ne3 fxg2 21. Nf5 h5
22. Be3 Kh7 23. Nxh4 gxh4 24. g5 Qg6 25. Kh2 Rf7 26. Rg1 Raf8 27. Rxg2 Rf3 28.
Qc2 Qe8 29. Rh1 Qd7 30. g6+ Kg8 31. Qe2 a6 32. c4 h3 33. Rg3 R8f6 34. Rhg1 Rxg3
35. Rxg3 h4 36. Rg1 c6 37. Qh5 cxd5 38. cxd5 Kf8 39. Qxh4 Qb5 40. Bh6 1-0

[Event "47th POL-ch"]
[Site "Warsaw POL"]
[Date "1990.03.??"]
[Round "6"]
[White "Sznapik, Aleksander"]
[Black "Woda, Jacek"]
[Result "1/2-1/2"]
[WhiteElo "2485"]
[BlackElo "2390"]
[PlyCount "86"]
[EventDate "1990.03.11"]

1. e4 e5 2. Nf3 Nc6 3. Bb5 a6 4. Ba4 Nf6 5. O-O Be7 6. Re1 b5 7. Bb3 d6 8. c3
O-O 9. d4 Bg4 10. Be3 Na5 11. dxe5 Bxf3 12. Qxf3 dxe5 13. Bc2 Nc4 14. Bc1 Qd7
15. a4 Qe6 16. Nd2 Nxd2 17. Bxd2 Rfd8 18. Red1 c5 19. h3 h6 20. Qf5 Qxf5 21.
exf5 Rab8 22. axb5 axb5 23. Ra7 Kf8 24. Be3 Nd5 25. Bc1 c4 26. Re1 Bc5 27. Ra6
f6 28. g3 b4 29. Rc6 Rbc8 30. Rxc8 Rxc8 31. Be4 Nb6 32. cxb4 Bxb4 33. Rd1 Ke7
34. Kg2 Na4 35. Bc2 Ra8 36. Rd5 Nc5 37. Be3 Ra5 38. Kf3 Nb7 39. Be4 Nc5 40. g4
Na4 41. Bc1 Nc5 42. Be3 Na4 43. Bc1 Nc5 1/2-1/2

[Event "47th POL-ch"]
[Site "Warsaw POL"]
[Date "1990.03.??"]
[Round "7"]
[White "Przewoznik, Jan"]
[Black "Sznapik, Aleksander"]
[Result "1/2-1/2"]
[WhiteElo "2415"]
[BlackElo "2485"]
[PlyCount "97"]
[EventDate "1990.03.11"]

1. Nf3 Nf6 2. c4 g6 3. Nc3 Bg7 4. e4 d6 5. d4 O-O 6. Be2 e5 7. Be3 h6 8. O-O
Ng4 9. Bc1 Nc6 10. d5 Ne7 11. Ne1 h5 12. Nd3 f5 13. exf5 Nxf5 14. h3 Nf6 15.
Bg5 Qe8 16. Bf3 Nd4 17. Be4 Bf5 18. Bxf5 gxf5 19. Be3 c5 20. dxc6 Nxc6 21. f4
Rd8 22. Qa4 Qf7 23. Rad1 e4 24. Nc1 d5 25. cxd5 Nxd5 26. Nxd5 Rxd5 27. Rxd5
Qxd5 28. Rd1 Qf7 29. b3 a6 30. Ne2 Rd8 31. Rxd8+ Nxd8 32. Qa5 Nc6 33. Qd2 Kh7
34. Bc5 Qe6 35. Qd1 h4 36. Kh2 Bf6 37. Qd2 Kg6 38. Bf2 Kf7 39. Bc5 Ke8 40. Nc3
Kf7 41. Nd1 Be7 42. Bxe7 Nxe7 43. Ne3 b5 44. Qd8 Qg6 45. Kg1 Qf6 46. Qd7 Qe6
47. Qc7 Kg6 48. Qd8 Kf7 49. Qc7 1/2-1/2

[Event "47th POL-ch"]
[Site "Warsaw POL"]
[Date "1990.03.??"]
[Round "7"]
[White "Dejkalo, Stefan"]
[Black "Pyda, Zbigniew"]
[Result "1-0"]
[WhiteElo "2410"]
[BlackElo "2315"]
[PlyCount "87"]
[EventDate "1990.03.11"]

1. Nf3 c5 2. c4 Nc6 3. d4 cxd4 4. Nxd4 g6 5. e4 Bg7 6. Be3 Nf6 7. Nc3 Ng4 8.
Qxg4 Nxd4 9. Qd1 e5 10. Nb5 O-O 11. Qd2 d6 12. Nxd4 exd4 13. Bxd4 Bxd4 14. Qxd4
Qa5+ 15. Qd2 Qe5 16. f3 Be6 17. O-O-O b5 18. Kb1 bxc4 19. Be2 Rab8 20. Rc1 Rfc8
21. Qc3 Qc5 22. Rhd1 Rb4 23. Rc2 Rcb8 24. Rd4 Qa5 25. Kc1 Qg5+ 26. Qd2 Qxg2 27.
Rxd6 Qg1+ 28. Bd1 Qc5 29. Qd4 Qa5 30. a3 c3 31. Qxc3 Qg5+ 32. Qd2 Qa5 33. Rcc6
h5 34. axb4 Qa1+ 35. Kc2 Qa4+ 36. Kd3 Qb5+ 37. Ke3 Qf1 38. Be2 Qg1+ 39. Kd3
Qb1+ 40. Qc2 Qe1 41. b5 Rxb5 42. Rd8+ Kh7 43. Rxe6 fxe6 44. Qc7+ 1-0

[Event "47th POL-ch"]
[Site "Warsaw POL"]
[Date "1990.03.??"]
[Round "7"]
[White "Gdanski, Jacek"]
[Black "Pedzich, Dominik"]
[Result "1-0"]
[WhiteElo "2430"]
[BlackElo "2405"]
[PlyCount "47"]
[EventDate "1990.03.11"]

1. e4 c5 2. Nf3 e6 3. Nc3 d6 4. d4 cxd4 5. Nxd4 Nf6 6. Be3 Be7 7. f3 Nc6 8. Qd2
a6 9. O-O-O Qc7 10. g4 h6 11. h4 Bd7 12. Rg1 g6 13. g5 hxg5 14. hxg5 Nh5 15. f4
Rc8 16. Kb1 Na5 17. f5 Nc4 18. Bxc4 Qxc4 19. Nde2 exf5 20. Nd5 Bd8 21. Bd4 O-O
22. Ng3 Ng7 23. b3 Qb5 24. Rh1 1-0

[Event "47th POL-ch"]
[Site "Warsaw POL"]
[Date "1990.03.??"]
[Round "7"]
[White "Jasnikowski, Zbigniew"]
[Black "Strzelecki, Krzysztof"]
[Result "1-0"]
[WhiteElo "2445"]
[BlackElo "2415"]
[PlyCount "57"]
[EventDate "1990.03.11"]

1. d4 Nf6 2. Nf3 e6 3. c4 c5 4. d5 exd5 5. cxd5 d6 6. Nc3 g6 7. e4 Bg7 8. Bf4
a6 9. a4 Bg4 10. Be2 O-O 11. O-O Qe7 12. Nd2 Bxe2 13. Qxe2 Nh5 14. Be3 Nd7 15.
a5 Rae8 16. Rfe1 Bd4 17. g3 Qf6 18. Bxd4 cxd4 19. Na4 Rc8 20. f4 Rfe8 21. Rac1
Rxc1 22. Rxc1 Nxf4 23. gxf4 Qxf4 24. Qf2 Qg5+ 25. Kh1 Ne5 26. Rf1 Qe3 27. Nb6
Rf8 28. Qxe3 dxe3 29. Ndc4 1-0

[Event "47th POL-ch"]
[Site "Warsaw POL"]
[Date "1990.03.??"]
[Round "7"]
[White "Nowak, Ignacy"]
[Black "Kuczynski, Robert"]
[Result "1/2-1/2"]
[WhiteElo "2405"]
[BlackElo "2460"]
[PlyCount "21"]
[EventDate "1990.03.11"]

1. e4 c5 2. Nf3 d6 3. d4 cxd4 4. Nxd4 Nf6 5. Nc3 a6 6. Bc4 e6 7. Bb3 b5 8. Bg5
Be7 9. Qf3 Qb6 10. O-O-O Nbd7 11. Rhe1 1/2-1/2

[Event "47th POL-ch"]
[Site "Warsaw POL"]
[Date "1990.03.??"]
[Round "7"]
[White "Schmidt, Wlodzimierz"]
[Black "Cichocki, Adam"]
[Result "1/2-1/2"]
[WhiteElo "2465"]
[BlackElo "2335"]
[PlyCount "70"]
[EventDate "1990.03.11"]

1. Nf3 d5 2. d4 Nf6 3. c4 c6 4. Nc3 e6 5. Bg5 dxc4 6. e4 b5 7. e5 h6 8. Bh4 g5
9. Nxg5 hxg5 10. Bxg5 Nbd7 11. exf6 Bb7 12. g3 c5 13. d5 Qb6 14. Bg2 O-O-O 15.
O-O b4 16. Na4 Qb5 17. dxe6 Bxg2 18. Kxg2 Ne5 19. Qc2 Rxh2+ 20. Kxh2 Nf3+ 21.
Kh3 Nxg5+ 22. Kg2 Qc6+ 23. f3 Qxe6 24. g4 Rd3 25. Rad1 Qd5 26. Rxd3 cxd3 27.
Qd2 Bd6 28. Qe3 Ne6 29. b3 Kc7 30. Rd1 Nf4+ 31. Kf1 Qg5 32. Rxd3 Qh4 33. Rxd6
Qh1+ 34. Kf2 Qh2+ 35. Kf1 Qh1+ 1/2-1/2

[Event "47th POL-ch"]
[Site "Warsaw POL"]
[Date "1990.03.??"]
[Round "7"]
[White "Woda, Jacek"]
[Black "Stempin, Pawel"]
[Result "1/2-1/2"]
[WhiteElo "2390"]
[BlackElo "2445"]
[PlyCount "59"]
[EventDate "1990.03.11"]

1. e4 e5 2. Nf3 Nc6 3. Bb5 Nf6 4. O-O Nxe4 5. d4 Nd6 6. Bxc6 dxc6 7. dxe5 Nf5
8. Qxd8+ Kxd8 9. b3 h6 10. Ba3 Be6 11. Bxf8 Rxf8 12. c4 Kc8 13. Nc3 b6 14. Rad1
Kb7 15. Nd4 Rad8 16. Nxf5 Bxf5 17. f3 Bc2 18. Rc1 Bd3 19. Rfd1 g5 20. Kf2 Rfe8
21. Rd2 Bg6 22. Rxd8 Rxd8 23. Rd1 Rxd1 24. Nxd1 b5 25. Ke3 b4 26. Nf2 Bb1 27.
Kd2 a5 28. Kc1 Bg6 29. Kd2 Bb1 30. Kc1 1/2-1/2

[Event "47th POL-ch"]
[Site "Warsaw POL"]
[Date "1990.03.??"]
[Round "7"]
[White "Zolnierowicz, Krzysztof"]
[Black "Bany, Jerzy"]
[Result "1/2-1/2"]
[WhiteElo "2400"]
[BlackElo "2450"]
[PlyCount "65"]
[EventDate "1990.03.11"]

1. e4 e6 2. d3 d5 3. Nd2 Nf6 4. Ngf3 Nc6 5. c3 a5 6. a4 dxe4 7. dxe4 Bc5 8. Be2
O-O 9. O-O e5 10. Qc2 Qe7 11. Nc4 h6 12. Ne3 Be6 13. Bb5 Ng4 14. Qe2 Na7 15.
Bd3 Rad8 16. h3 Nxe3 17. Bxe3 Nc6 18. Bb5 Na7 19. Nxe5 Nxb5 20. Bxc5 Qxc5 21.
Qxb5 Qxb5 22. axb5 Rd2 23. b4 axb4 24. cxb4 Rd4 25. Ra7 Rxe4 26. Nd3 b6 27. Rc1
Rd8 28. f3 Red4 29. Ne5 Rxb4 30. Rcxc7 Rf8 31. Ng6 Re8 32. Ne5 Rf8 33. Ng6
1/2-1/2

[Event "47th POL-ch"]
[Site "Warsaw POL"]
[Date "1990.03.??"]
[Round "8"]
[White "Pyda, Zbigniew"]
[Black "Schmidt, Wlodzimierz"]
[Result "0-1"]
[WhiteElo "2315"]
[BlackElo "2465"]
[PlyCount "102"]
[EventDate "1990.03.11"]

1. e4 c5 2. Nf3 e6 3. d4 cxd4 4. Nxd4 Nf6 5. Nc3 d6 6. g3 Nc6 7. Bg2 Bd7 8. O-O
Be7 9. Be3 O-O 10. h3 a6 11. a4 Qc7 12. Qe2 Rac8 13. Rad1 Rfd8 14. f4 Nxd4 15.
Rxd4 Bc6 16. Rfd1 Nd7 17. Kh2 Nc5 18. Qf2 b6 19. R4d2 Rb8 20. b3 Qb7 21. e5
Bxg2 22. Qxg2 Qxg2+ 23. Kxg2 d5 24. Bd4 Rdc8 25. f5 b5 26. fxe6 fxe6 27. axb5
axb5 28. Re2 b4 29. Bxc5 Rxc5 30. Na4 Rc6 31. Rf1 Rbc8 32. Rff2 h5 33. h4 Kh7
34. Rd2 Bc5 35. Nxc5 Rxc5 36. Rde2 Kg6 37. Kh3 Rc3 38. Kg2 R8c7 39. Kh2 Rf7 40.
Rxf7 Kxf7 41. Kh3 Kg6 42. Rf2 Re3 43. Rf4 Re4 44. Kg2 Rxf4 45. gxf4 Kf5 46. Kf3
d4 47. Ke2 Kxf4 48. Kd3 Kxe5 49. Kc4 g5 50. hxg5 h4 51. g6 Kf6 0-1

[Event "47th POL-ch"]
[Site "Warsaw POL"]
[Date "1990.03.??"]
[Round "8"]
[White "Jasnikowski, Zbigniew"]
[Black "Nowak, Ignacy"]
[Result "0-1"]
[WhiteElo "2445"]
[BlackElo "2405"]
[PlyCount "76"]
[EventDate "1990.03.11"]

1. d4 Nf6 2. c4 g6 3. g3 Bg7 4. Bg2 d5 5. cxd5 Nxd5 6. e4 Nb4 7. d5 c6 8. a3
Qa5 9. Nc3 cxd5 10. Be3 d4 11. axb4 Qd8 12. e5 dxc3 13. Qxd8+ Kxd8 14. bxc3
Bxe5 15. Ne2 a5 16. Bb6+ Bc7 17. Bxa5 Bxa5 18. bxa5 Kc7 19. Nd4 Bd7 20. f4 Bc6
21. O-O e6 22. Rfb1 Bxg2 23. Kxg2 Nc6 24. Nxc6 Kxc6 25. Ra4 b5 26. Ra3 Ra6 27.
Kf3 Rha8 28. Rba1 Rd8 29. Ke4 Rd5 30. g4 f5+ 31. gxf5 exf5+ 32. Ke3 Kb7 33. Rb3
Re6+ 34. Kf2 Ka6 35. Ra2 Rc5 36. h4 Re4 37. Kg3 Re3+ 38. Kf2 Rexc3 0-1

[Event "47th POL-ch"]
[Site "Warsaw POL"]
[Date "1990.03.??"]
[Round "8"]
[White "Kuczynski, Robert"]
[Black "Woda, Jacek"]
[Result "0-1"]
[WhiteElo "2460"]
[BlackElo "2390"]
[PlyCount "68"]
[EventDate "1990.03.11"]

1. e4 e5 2. Nf3 Nc6 3. Bc4 Nf6 4. Ng5 d5 5. exd5 Na5 6. Bb5+ c6 7. dxc6 bxc6 8.
Be2 h6 9. Nh3 Bc5 10. d3 g5 11. Nc3 Nb7 12. Ne4 Nxe4 13. dxe4 Nd6 14. Bd3 g4
15. Ng1 f5 16. exf5 e4 17. Be2 Bxf5 18. Be3 Qb6 19. Qxd6 Bxd6 20. Bxb6 axb6 21.
Bc4 b5 22. Bb3 e3 23. fxe3 Be4 24. Ne2 Bxg2 25. Rg1 Bf3 26. Nf4 O-O-O 27. Kf2
h5 28. h4 Rhe8 29. Ne6 Bh2 30. Nxd8 Rxd8 31. e4 Bf4 32. Raf1 Rd2+ 33. Ke1 Re2+
34. Kd1 Rg2+ 0-1

[Event "47th POL-ch"]
[Site "Warsaw POL"]
[Date "1990.03.??"]
[Round "8"]
[White "Pedzich, Dominik"]
[Black "Zolnierowicz, Krzysztof"]
[Result "1-0"]
[WhiteElo "2405"]
[BlackElo "2400"]
[PlyCount "81"]
[EventDate "1990.03.11"]

1. e4 c5 2. Nf3 d6 3. Bb5+ Nd7 4. d4 Ngf6 5. Nc3 a6 6. Bxd7+ Nxd7 7. O-O e6 8.
Bg5 Qc7 9. Re1 f6 10. Bf4 cxd4 11. Nxd4 Ne5 12. Qh5+ Qf7 13. Qe2 g5 14. Be3 Bd7
15. a4 Be7 16. Ra3 Rc8 17. Rb3 Rc7 18. Rd1 O-O 19. f4 gxf4 20. Bxf4 Kh8 21. Kh1
Rg8 22. h3 Bc8 23. Bh2 Rc5 24. Rb4 Qg6 25. Rg1 Nf7 26. Nd1 Rh5 27. Rc4 Rc5 28.
Nf2 Bd7 29. Rb4 Bc8 30. Rb3 Rg5 31. Nd3 e5 32. Nf5 Bxf5 33. exf5 Qxf5 34. Rxb7
Re8 35. Nb4 e4 36. Qc4 Rg7 37. Nd5 Ne5 38. Bxe5 Qxe5 39. Rf1 Bf8 40. Nxf6 Rxb7
41. Qg8# 1-0

[Event "47th POL-ch"]
[Site "Warsaw POL"]
[Date "1990.03.??"]
[Round "8"]
[White "Stempin, Pawel"]
[Black "Przewoznik, Jan"]
[Result "1/2-1/2"]
[WhiteElo "2445"]
[BlackElo "2415"]
[PlyCount "92"]
[EventDate "1990.03.11"]

1. d4 Nf6 2. Nf3 e6 3. Bg5 Be7 4. e3 h6 5. Bh4 c5 6. Nbd2 b6 7. c3 Bb7 8. Bd3
cxd4 9. exd4 Nh5 10. Bg3 Nxg3 11. hxg3 d6 12. Qe2 Nd7 13. g4 a6 14. Ne4 Nf6 15.
Nfd2 Nxe4 16. Nxe4 b5 17. a3 Bc6 18. f4 Rb8 19. g5 Kd7 20. gxh6 f5 21. Nd2 Bh4+
22. Kd1 Rxh6 23. Kc2 Qf6 24. Nf3 Rbh8 25. a4 bxa4 26. Rh3 Qg6 27. Bxa6 Bd8 28.
Rxh6 gxh6 29. Bb5 Bxb5 30. Qxb5+ Ke7 31. Rxa4 Qxg2+ 32. Kb1 Qxf3 33. Ra7+ Bc7
34. Qc4 Qh1+ 35. Ka2 Qd5 36. Rxc7+ Kf6 37. Qxd5 exd5 38. b4 h5 39. Rd7 Ke6 40.
Rg7 h4 41. Rg2 Kd7 42. b5 Kc7 43. Kb3 Kb6 44. Kb4 h3 45. Rh2 Rh4 46. Ka4 Rh8
1/2-1/2

[Event "47th POL-ch"]
[Site "Warsaw POL"]
[Date "1990.03.??"]
[Round "8"]
[White "Strzelecki, Krzysztof"]
[Black "Bany, Jerzy"]
[Result "1/2-1/2"]
[WhiteElo "2415"]
[BlackElo "2450"]
[PlyCount "20"]
[EventDate "1990.03.11"]

1. e4 e6 2. d3 d5 3. Nd2 Nf6 4. Ngf3 Nc6 5. c3 a5 6. Be2 dxe4 7. dxe4 Bc5 8.
O-O O-O 9. Qc2 e5 10. Nc4 Qe7 1/2-1/2